[Event "Amsterdam Science Park op-A"]
[Site "Amsterdam"]
[Date "2025.07.13"]
[Round "9"]
[White "Snijders, Take"]
[Black "Zwirs, Nico"]
[Result "0-1"]
[WhiteElo "2196"]
[BlackElo "2456"]
[PlyCount "126"]
[EventDate "2025.07.05"]
[EventType "swiss"]
[EventRounds "9"]
[EventCountry "NED"]
[SourceTitle "CB29_2025"]
[SourceDate "2025.07.16"]
[SourceVersion "1"]
[SourceVersionDate "2025.07.16"]
[SourceQuality "1"]

1. e4 c5 2. Nf3 d6 3. d4 cxd4 4. Nxd4 Nf6 5. Nc3 a6 6. Bg5 Nbd7 7. Bc4 e6 8. Qe2 b5 9. Bb3 Qc7 10. 0-0-0 b4 11. Nd5 exd5 12. exd5+ Be7 13. Nf5 Nc5 14. Nxg7+ Kd8 15. Rhe1 Rg8 16. Ne8 Rxe8 17. Bxf6 Bf5 18. Rd4 Rc8 19. Bc4 Qd7 20. Rf4 Bxf6 21. Qxe8+ Qxe8 22. Rxe8+ Kxe8 23. Rxf5 Ke7 24. a3 bxa3 25. bxa3 Rg8 26. g3 Rg5 27. Rf3 Re5 28. Kd1 Re4 29. Ba2 Rd4+ 30. Kc1 Bg5+ 31. Kb2 Rd1 32. Bc4 a5 33. h4 Bh6 34. g4 Rd4 35. Be2 Rxd5 36. Bc4 Rd4 37. Rxf7+ Kd8 38. Rxh7 Bf4 39. Be2 Rd2 40. Bb5 Be5+ 41. Kc1 Rxf2 42. g5 Bc3 43. Bd3 Rg2 44. Rf7 Rg4 45. g6 Nxd3+ 46. cxd3 Rxg6 47. Kc2 Bf6 48. Rh7 a4 49. Ra7 Rg2+ 50. Kd1 Rg4 51. h5 Rh4 52. Kc2 Rh2+ 53. Kd1 Rxh5 54. Rxa4 Kd7 55. Kd2 Rb5 56. Ra8 Kc6 57. Ke3 Kd5 58. a4 Bd4+ 59. Kf3 Rb2 60. Ra5+ Bc5 61. Ra8 Rf2+ 62. Kg3 Rf7 63. a5 Kd4 0-1